000 00327nam a2200133Ia 4500
008 191201s2012 xx 000 0 und d
100 _aGARLIA MOLINA, Hector
245 0 _aDatabase system Implementation
250 _a8th IMP
260 _aN. Delhi
_bPearson
_c2012
300 _a653
650 _aM.Tech(CSE)
942 _2ddc
_cBK
999 _c5507
_d5507